|
|
|
|
| LEADER |
01425nam a22002777a 4500 |
| 001 |
40503 |
| 003 |
BD-DhAAL |
| 008 |
230301r20141944ii ||||| |||| 00| 0 ben d |
| 020 |
|
|
|a 9788185459677
|
| 040 |
|
|
|a BD-DhAAL
|c BD-DhAAL
|
| 041 |
|
|
|a ben
|
| 082 |
|
|
|a 320.54095414
|2 23
|
| 100 |
|
|
|a করীম, রেজাউল
|9 53760
|
| 245 |
|
|
|a বঙ্কিমচন্দ্র ও মুসলমান সমাজ /
|c রেজাউল করীম ; ভূমিকা যদুনাথ সরকার.
|
| 246 |
|
|
|a Bankimchandra o Musalman samaj
|
| 260 |
|
|
|a কলকাতা :
|b র্যাডিক্যাল,
|c ১৯৪৪ [প্রথম র্যাডিক্যাল পরিবর্ধিত সংস্করণ ২০১৪].
|
| 300 |
|
|
|a ৮৮ পৃষ্ঠা ;
|c ২২ সে.মি.
|
| 541 |
|
|
|a Donated By Akbar Ali Khan
|e 40503
|
| 650 |
|
|
|a Nationalism
|z India
|z Bengal
|y 20th century
|x History.
|9 47972
|
| 650 |
|
|
|a Communalism
|z India
|z Bengal
|y 20th century.
|9 47973
|
| 651 |
|
|
|a Bengal (India)
|x History
|y 20th century.
|
| 700 |
|
|
|a সরকার, যদুনাথ
|9 53761
|
| 852 |
|
|
|a Ayesha Abed Library
|c Akbar Ali Khan Collection
|
| 942 |
|
|
|2 ddc
|c BK
|
| 999 |
|
|
|c 45543
|d 45543
|
| 952 |
|
|
|0 0
|1 0
|2 ddc
|4 0
|6 320_540954140000000_KAR
|7 1
|9 73312
|a BRACUL
|b BRACUL
|c AAKC
|d 2023-03-01
|e Donated By Akbar Ali Khan
|g 114.00
|l 0
|o 320.54095414 KAR
|p 3010040503
|r 2023-03-01
|t 1
|w 2023-03-01
|y BK
|x Rs. 90.00
|